G.W.F. Hegel: contemporary readings: the presence of Hegel's philosophy in the current philosophical debates

Guardat en:
Dades bibliogràfiques
Autor principal: Herrero López, Montserrat (Autor)
Format: Llibre
Idioma:anglès
Publicat: Hildesheim Georg Olms Verlag 2011
Edició:1a. ed
Col·lecció:Europaea Memoria
Matèries:
Etiquetes: Afegir etiqueta
Sense etiquetes, Sigues el primer a etiquetar aquest registre!

MARC

LEADER 00000cam a2200000 a 4500
001 UCC2411
003 CL-VaPUC
005 20230421074441.0
008 180119e20110000gw |||||||||||||||||eng|d
999 |c 370559  |d 370557 
020 |a 9783487145488 
040 |c Pontificia Universidad Católica de Valparaíso 
082 0 4 |a 190  |b HER  |2 21 
100 |a Herrero López, Montserrat  |e author  |9 541997 
245 1 0 |a G.W.F. Hegel: contemporary readings: the presence of Hegel's philosophy in the current philosophical debates 
250 |a 1a. ed 
260 |a Hildesheim  |b Georg Olms Verlag  |c 2011 
300 |a 166 p 
490 0 |a Europaea Memoria 
583 |a last modification  |c 20180119 15:30:00  |k Rodrigo Vera 
600 0 |a Hegel, Georg Wilhelm Friedrich  |d 1770-1831  |9 860268 
650 0 |a Filosofía moderna  |9 258121 
942 |c BK  |2 ddc 
945 |d 20180119 15:30:00  |a arojas 
952 |0 0  |1 0  |3 erb  |4 0  |6 190_000000000000000_HER_2011  |7 0  |8 A  |9 487091  |a BIBEDU  |b BIBEDU  |i 545154K  |o 190 HER 2011  |p 545154K  |r 2019-11-24  |w 2019-11-24  |y BK  |z Catalogado en:20180119  |k FIL